| 000 | 00494pab a2200181 454500 | ||
|---|---|---|---|
| 008 | 180718b2004 xxu||||| |||| 00| 0 eng d | ||
| 100 | _aWaddock, Sandra | ||
| 245 | _aManaging responsibility: what can be learned from the quality movement? | ||
| 260 | _c2004 | ||
| 300 | _ap.25-37. | ||
| 362 | _aFall | ||
| 650 | _aQuality control | ||
| 650 | _aManagement | ||
| 650 | _aTotal quality management | ||
| 700 | _aBodwell, Charles | ||
| 773 | _aCalifornia Management Review | ||
| 909 | _a63559 | ||
| 999 |
_c63559 _d63559 |
||